| 000 | 00349nam a22001217a 4500 | ||
|---|---|---|---|
| 999 |
_c3265 _d3265 |
||
| 005 | 20201120101014.0 | ||
| 008 | 201120b ||||| |||| 00| 0 eng d | ||
| 020 | _a11949 | ||
| 040 | _cCML | ||
| 245 |
_aThe Epic of Man. _cLife |
||
| 260 |
_aNederlan _bTime-Life International _c1963 |
||
| 942 |
_2ddc _cBK _e1st Edition _h901 _kREF 901 _mLIF |
||